000 01824nam a22002894aa4500
003 BOFEUTO
005 20260512114631.0
008 2025 t2025 bo gr 000 f spa d
040 _6BOFEUTO
_aBOFEUTO
_cBOFEUTO
041 _aspa
044 _abo
082 _aTE6289
_bF628
100 _aFlores Jorge, Zaida
_eautor
245 _aDiseño de programa de capacitación en la Secretaría Departamental de Administración y Finanzas Públicas del Gobierno Autónomo Departamental de Oruro.
_cZaida Flores Jorge ; autor
260 _aOruro :
_bs/n ;
_c2025 .
300 _a156 hojas :
_bilus, gráf. ;
_c28.5 cm .
500 _aIncluye bibliografía, anexos.
502 _aTesis Dirigida, (Licenciatura) -- Universidad Técnica de Oruro, Facultad de Ciencias Económicas, Financieras y Administrativas, Carrera Administración de Empresas, 2025.
520 _aEl presente trabajo tuvo como finalidad el diseño de un Programa de Capacitación para la Secretaría Departamental de Administración y Finanzas Públicas del Gobierno Autónomo Departamental de Oruro. Es una primera etapa se realización la necedades de capacitación, lo que permitió identificar las principales brechas de conocimientos y habilidades del personal en relación con sus funciones y responsabilidades. A partir de este diagnóstico, se formulo el programa de capacitación, posteriormente, se ejecutaron las actividades, lo que facilito la comprensión y asimilación de los contenidos por parte de os participantes. Finalmente, se desarrolló la evaluación de la capacitación, considerando el desempeño de los instructores.
650 _aPrograma de Capacitación
653 _aDiseño
653 _aPrograma
653 _aCapacitación
653 _aSistemas
700 _aRamirez Choque, Jenny
_etutor
942 _2ddc
_cTE
_n0
999 _c16140
_d16140